Word Ladder: 'Siamese' US States Quiz Stats

 Plays Quiz Updated Dec 30, 2012

Support Sporcle.
Go Orange.
Score 0/20 Timer 05:00
0 Plays Today
Hint #1 Answer #1 - #2 % Correct
웃 The First State or The Blue Hen State 웃♢ DELA - WARE ♢
90.9%
웃 The Show Me State 웃♢ MISS - OURI ♢
82.3%
What Humpty Dumpty did off that wallFELL - HATE
81.3%
Texas-based PC manufacturerDELL - HARE
80.8%
Clenched handFIST - OARS
79.4%
Water vapourMIST - OURS
79%
Famous blind nursery rhyme trioMICE - SURE
76.5%
Gathering, in Oktober perhapsFEST - OATS
75.6%
Experienced emotionallyFELT - HATS
73.4%
Hospital sectionWARD - LENS
68.9%
Hint #1 Answer #1 - #2 % Correct
Pepper sprayMACE - LURE
68.6%
Handheld sound sensorsMICS - SURI
67.3%
웃 The Old Line State or The Free State 웃♢ MARY - LAND ♢
64.8%
SuspiciousWARY - LEND
60%
웃 The Centennial State 웃♢ COLO - RADO ♢
59.9%
Freezing or icyCOLD - REDO
58.1%
King of diamonds or four of spadesCARD - LEDS
57.9%
Flexible stringCORD - REDS
56.6%
Antony or ZuckerbergMARK - LANE
54.2%
Waterproof raincoatMACK - LARE
47.3%

Today's Daily Dose

Missing Word
'80s Musicals

Word Ladder
Hereditary

Get the Picture
Food Names

From the Vault

Sheepdog or Mop

by sproutcm

In a pinch, you can use a sheepdog as a mop, but they probably won't like it.
Remove Ads.
Support Sporcle.
Get the best of Sporcle when you Go Orange. This ad-free experience offers more features, more stats, and more fun while also helping to support Sporcle. Thank you for becoming a member.

Show Comments

Extras

Top Quizzes Today


Score Distribution

Your Account Isn't Verified!

In order to create a playlist on Sporcle, you need to verify the email address you used during registration. Go to your Sporcle Settings to finish the process.

Report this User

Report this user for behavior that violates our Community Guidelines.

Details: